MDQL
is popping MORE tags! Check the
thread
!
Quizzes
Events
Quiz Creation
Community
Videos
Private Events
Remove Ads
Sign In
Join for FREE
Feedback
Dark Mode
Quiz Categories
Sports
Geography
Music
Movies
Television
Just For Fun
Miscellaneous
History
Literature
Language
Science
Gaming
Entertainment
Religion
Holiday
For Kids
Quiz Lab
Recent
Popular Today
Quiz Kudos Today
Editor Picks
Curator Picks
Quizzes by...
Day
Popularity
Type
Ratings
Length
Year
Community
Subscriptions
Recent Discussions
Orange Saloon
Badges
Playlists
Quests
Create
Leaderboards
Showdown
Live 5
Trivia Bingo
Activity
Puzzle Library
Sporcle Events
Private Events
Virtual Trivia
Globe League
Become a Host
Pub Owners
SporcleCon
Opinionation
Our Games
Videos
Blog
Mobile Apps
Partnerships
Remove Ads and Go Orange
Feedback
Gaming
Video Games
Board Games
Card Games
Pokémon
Mario
Nintendo
Minecraft
Console
Toys
Legend of Zelda
Gaming
Video Games
Board Games
Card Games
Pokémon
Mario
Nintendo
Minecraft
Console
Toys
Legend of Zelda
Random Quiz
Search Sporcle
×
Quiz Lab
Quiz Lab
Gaming
Pokémon
Type in answers that appear in a list
Type in answers that appear in a list
Classic
Best Score? Go Orange.
Name the Pokemon by type Stats
Can you name the the Pokemon by type?
By
TheArkitek
5m
31 Questions
291 Plays
291 Plays
291 Plays
Comments
Comments
Give Quiz Kudos
Give Quiz Kudos
-
- Ratings
hide this ad
Replay
Link that replays current quiz
Next Quiz
Link to next quiz in quiz playlist
You Got
0%
They Got
Avg Score
59%
Avg Friend Score
Upgrade to see
Score Distribution
Jump to the score distribution portion of the page
Score
0/31
Timer
05:00
0
Plays Today
Type
Pokemon
% Correct
Water type
Squirtle
97.6%
Bug
Metapod
92.8%
Fire and Flying
Charizard
90.4%
Psychic
Abra
85.2%
Electric
Pikachu
75.3%
Normal
Rattata
74.6%
Ice and Psychic
Jynx
74.2%
Dragon
Dratini
71.1%
Fighting
Hitmonlee
71.1%
Fighting
Hitmonchan
71.1%
Ghost and Poison
Gastly
65.6%
Ground
Dugtrio
64.9%
Normal
Eevee
61.2%
Normal
Ditto
59.5%
Water
Golduck
59.1%
Electric
Electabuzz
55.7%
Type
Pokemon
% Correct
Grass and Poison
Bellsprout
55%
Water and Ice
Cloyster
52.9%
Psychic
Hypno
52.9%
Water and Flying
Gyarados
51.9%
No 'type' clue for this.
Gengar
50.2%
Normal
Chansey
49.1%
Fighting
Machamp
47.1%
Grass and Poison
Oddish
46%
Poison
Muk
46%
Bug and Grass
Paras
45%
Normal and Flying
Farfetch'd
42.6%
Grass
Tangela
40.2%
Water
Seel
37.1%
Normal
Lickitung
35.7%
Psychic
Mr. Mime
33.7%
Quiz Playlist
Details
Report
Send in Message
Add To Playlist
Classic:
Type in answers that appear in a list
Quiz Source
Last Updated: Feb 16, 2017
Quiz Scoreboard
CHALLENGE
Sign Up to Join the Scoreboard
Show All
Scores
Hide
Comments
May contain spoilers
Recently Published
1-10 Letter E Words III
by El_Dandy
Language
2m
Street Fighter Characters
by Artimus82
Gaming
60s
College Basketball Coaching Resumes
by pancakes188
Sports
9m
More to Explore
Quiz From the Vault
Featured Blog Post
Where Did the Easter Bunny Come From?
hide this ad
You Might Also Like...
Tags
Pokémon Quiz
description
Today's Top Quizzes in Gaming
Browse Gaming
hide this ad
Today's Top Quizzes in Pokémon
Browse Pokémon
Top Contributed Quizzes in Gaming
1
5-to-1: Consoles
2
7-to-1: Board Game Piece Blitz
3
5-to-1: Legend of Zelda
4
League of Legends Pro Players by Career/Team History
5
Destiny 2 exotic weapons by perk icons
6
Ultimate Genshin Impact Logic Puzzle (up to 4.3)
7
Franchise by Action Figure
8
Who's on the WWE 2K24 Cover?
9
Genshin Impact Logic Puzzle Quiz
10
Order the Pokémon Regions
Explore More
Trending Topics
NBA
Harry Potter
Crossword
Anime
Marvel
Disney
Kpop
Country
NFL
Puzzle
Pokémon
Soccer
The Office
WWE
Song
hide this ad
More By:
TheArkitek
Quiz
Plays
Rating
Category
Featured
Created
Name the Pokemon by type
291
1.50
Gaming
May 14, 2010
Go to Creator's Profile
Score Distribution
Quiz Creator Spotlight
TheArkitek
Follow
Send a Message
Quizzes Created
-
Created Quiz Play Count
-
More By This Creator
Popular Quizzes Today
1
Find the US States - No Outlines Minefield
2
Find the Countries of Europe - No Outlines Minefield
3
The Countries of the World
4
Find the US States
5
Risky Map Clicking: Biggest States A-Z
6
US States
7
Popular People in 1961
8
Movies - When Are They Set?
More Gaming Quizzes
World Chess Champions
Published
Trending Quizzes
Risky Map Clicking: Least Populous States A-Z
Billboard Blitz: Aretha Franklin
1-10 Letter G Words
Countries of the World: 200 Million BC
1-10 Letter F Words
Recently Updated
Leaping Animals
pecheneg
Reality TV Shows (A-Z)
bhenderson79
Rickey Henderson's Hall of Fame Teammates
pecheneg
Champions League XIs: Arsenal
pecheneg
Quick Pick: Celebrities in WWE's Hall of Fame
aduchscher
A-Z Keypad Blitz II
pecheneg
Multiple Oscar Actors
pecheneg
Mystery Phrase Blitz: Oscar 'Best Actors'
pecheneg
F. Scott Fitzgerald Novels
LTH
Pick 3 Villains
ddd62291
Trending Topics
NBA
Crossword
Harry Potter
Disney
Anime
Kpop
Marvel
Soccer
Puzzle
WWE
Song
The Office
NFL
Pokémon
Country
Your Account Isn't Verified!
In order to create a playlist on Sporcle, you need to verify the email address you used during registration. Go to your
Sporcle Settings
to finish the process.
Report this User
Report this user for behavior that violates our
Community Guidelines
.
Details:
Send Report
Go to the Sporcle.com Mobile Site →
Comments